Paroles : Babacar - France Gall - Statistiques

Statistiques générales
  • Ce quiz a été pris 32 fois
  • Le résultat moyen est 170 sur 269
Statistiques - réponses
Réponse % Correct
Babacar
92%
Est
92%
Ou
92%
92%
Dans
81%
Es-tu
81%
Tu
81%
De
77%
Ma
77%
Te
73%
Ton
73%
Des
69%
Le
69%
Qui
69%
Tête
65%
Un
65%
Coeur
62%
Comme
62%
La
62%
En
58%
Et
58%
J'ai
58%
Je
58%
Mémoire
58%
Mon
58%
Ta
58%
Une
58%
Regard
54%
Quand
50%
C'est
46%
Corps
46%
Images
46%
Vie
46%
Avec
42%
Jour
42%
Mes
42%
Vis
42%
Pas
38%
Pays
38%
Tape
38%
Tout
38%
Défilent
35%
Départ
35%
Depuis
35%
Hasard
35%
Mais
35%
Marche
35%
Veines
35%
Ville
35%
Circulent
31%
Cogne
31%
Cris
31%
D'ailleurs
31%
Douleur
31%
Grandis
31%
Meurs
31%
Millénaire
31%
Moments
31%
Personne
31%
Casser
27%
Chaleur
27%
Exil
27%
Facile
27%
Héritage
27%
Laisser
27%
Princesse
27%
Refaire
27%
S'arrête
27%
S'entêtent
27%
Troisième
27%
Trop
27%
Bien
23%
C'était
23%
Espoir
23%
Mots
23%
Sonnent
23%
Courage
19%
Frappent
19%
Manqué
19%
Sur
19%
Colère
15%
Emportant
15%
Étoile
15%
Font
15%
Mal
15%
Mouvements
15%
Ondes
12%
Passée
12%
Aucun quiz correspondant
Distribution des résultats
% des personnes avec chaque résultat
Percentile par nombre de réponses
Votre historique - résultats
Vous n’avez pas pris ce quiz